Mikroregión Pliešovská kotlina turistická mapa regiónu
| Corporate Authors: | , |
|---|---|
| Format: | Map |
| Language: | Slovak English German |
| Published: |
Veľký Krtíš
Agentúra ES
2003
|
| Edition: | [1. vyd.] |
| Subjects: |
MARC
| LEADER | 00000nem a2200000 a 4500 | ||
|---|---|---|---|
| 001 | vtls001483650 | ||
| 003 | SK-MaSNL | ||
| 005 | 20260302073709.0 | ||
| 007 | aj cazzn | ||
| 008 | 041015s2003 xo z zz a 0 z slo | ||
| 015 | |a SNBC2005/02-00646 | ||
| 020 | |a 8096891960 | ||
| 035 | |a SNK000438944 | ||
| 040 | |a SNK |b slo |c SNK |e AACR2 | ||
| 041 | 0 | |a slo |a eng |a ger | |
| 043 | |a e-xo--- | ||
| 072 | 7 | |a 913 |x Regionálna geografia |2 konspekt | |
| 080 | |a 912.43.796.5 |2 1997 | ||
| 080 | |a (084.3) |2 1997 | ||
| 080 | |a 91(437.6) |2 1997 | ||
| 080 | |a 913(1-24) |2 1997 | ||
| 110 | 2 | |a Agentúra ES (Veľký Krtíš, Slovensko) |4 aut |9 36567 | |
| 245 | 1 | 0 | |a Mikroregión Pliešovská kotlina |h kartografický dokument |b turistická mapa regiónu |c Agentúra ES; SACR |
| 250 | |a [1. vyd.] | ||
| 255 | |a Mierka neuvedená | ||
| 260 | |a Veľký Krtíš |b Agentúra ES |c 2003 | ||
| 300 | |a 1 mapa |b fareb. |c 42 x 59 cm zlož. na 21 x 10 cm | ||
| 500 | |a Obsahuje vysvetl., inform., fotogr. | ||
| 500 | |a Súbežný text nem. a angl. | ||
| 500 | |a Tlačené na oboch stranách listu | ||
| 546 | |a Obsahuje turisticko-vlastivedný text v slov., angl. a nem. | ||
| 650 | 0 | 7 | |a mikroregióny |2 SNKPH |9 29043 |
| 651 | 7 | |a Chránená krajinná oblasť Pliešovská kotlina (Slovensko) |2 SNKPH |9 74464 | |
| 651 | 7 | |a Slovensko |2 SNKPH | |
| 655 | 7 | |a turistické mapy |2 SNKPH |9 70551 | |
| 655 | 7 | |a skladané mapy |2 SNKPH |9 304180 | |
| 655 | 7 | |a mapy pre verejnosť |2 SNKPH |9 304181 | |
| 710 | 2 | |a Slovenská agentúra pre cestovný ruch |4 aut |9 70195 | |
| 919 | |a 80-968919-6-0 | ||
| 999 | |c 1161997 |d 1163927 | ||
| 952 | |t P60, <03>, [BOOK], {603}, -K- |a SNK |b SNK |y PREZ |7 0 |p 17A0449126 |o snkSLCm 2421 |i snkKSP 13459/2004 |0 0 |1 0 |4 0 |d 2004-10-15 |l 0 |r 2005-01-02 00:00:00 |w 2026-02-24 | ||


